Które miasto we Francji? - Statystyki

Ogólne statystyki
  • Ten quiz został rozwiązany 139 razy
  • Średni wynik to 15 z 22
Statystyki odpowiedzi
Opis Miasto % Poprawnych
Stolica Francji Paryż
100%
Największe francuskie miasto nad Morzem Śródziemnym Marsylia
94%
W Stanach Zjednoczonych jest „nowy” Orlean
89%
Miasto noszące nazwę najsłynniejszego pałacu we Francji Wersal
88%
Siedziba Parlamentu Europejskiego Strasburg
84%
Najludniejsze miasto na Riwierze Nicea
81%
Jest gospodarzem najbardziej znanego festiwalu filmowego w Europie Cannes
80%
Wojska brytyjskie ewakuowane stąd w 1940 r. Dunkierka
77%
Światowa stolica wina Bordeaux
73%
Stąd pochodzi słynny rodzaj musztardy Dijon
73%
Duże miasto przemysłowe w pobliżu granicy z Belgią Lille
72%
Siedziba firmy Airbus, znana jako „Różowe Miasto” Tuluza
70%
„Fête des Lumières” to miasto przyciąga co roku w grudniu miliony turystów Lyon
68%
Stolica Francji, 1940–44 Vichy
67%
W tym mieście odbywają się 24-godzinne wyścigi samochodowe Le Mans
66%
Największe miasto na Korsyce Ajaccio
64%
Najbliższe francuskie miasto do Wielkiej Brytanii Calais
63%
Papież mieszkał tu w różnych okresach w latach 1300. Awinion
61%
Jego nazwa oznacza „Port” Hawr
47%
Stolica Normandii Rouen
35%
Stolica Gujany Francuskiej Kajenna
33%
Stolica Polinezji Francuskiej, na wyspie Tahiti Papeete
16%
Nie znaleziono quizów pasujących do podanych kryteriów
Rozkład punktacji
Procent ludzi z każdym wynikiem
Percentyl według liczby udzielonych odpowiedzi
Twoja historia wyników
Nie rozwiązałeś tego quizu